Richest People in the World - Statistics

General Stats
  • This quiz has been taken 15 times
  • The average score is 5 of 10
Answer Stats
Hint Answer % Correct
2. Microsoft co-founder (US) Bill Gates
100%
5. Facebook CEO (US) Mark Zuckerburg
100%
1. CEO of Amazon (US) Jeff Bezos
86%
3. CEO of Burkshire Hathaway (US) Warren Buffet
71%
7. Mexican that was once the richest man in the world (Mexico) Carlos Slim
57%
9.Vice President of Koch Industries (US) David Koch
50%
8. CEO of Koch Industries (US) Charles Koch
43%
10.Co-founder of Oracle (US) Larry Ellison
14%
6. Co-founder of Zara (Spain) Amancia Ortega
0%
4. CEO of Louis Vuitton (France) Bernard Arnault
0%
No matching quizzes found
Score Distribution
Percent of People with Each Score
Percentile by Number Answered
Your Score History
You have not taken this quiz